[Event "95th Caplin Hastings Congress"]
[Site "Hastings"]
[Date "2019.12.31"]
[Round "4.24"]
[White "Merriman, John"]
[Black "Rice, Chris B"]
[Result "0-1"]
[WhiteElo "2219"]
[BlackElo "2027"]
[Annotator "ChessBase"]
[PlyCount "47"]
[EventDate "2019.12.28"]
[EventType "swiss"]
[EventCountry "ENG"]
[SourceTitle "playchess.com"]
[Source "ChessBase"]
[SourceQuality "1"]
[TimeControl "40/6600+30:3000+30"]

1. d4 {[%emt 0:09:34]} Nf6 {[%emt 0:09:47]} 2. c4 {[%emt 0:00:06]} g6 {[%emt 0:00:21]} 3. f3 {[%emt 0:00:30]} Bg7 {[%emt 0:00:25]} 4. e4 {[%emt 0:00:06]} d6 {[%emt 0:00:11]} 5. Nc3 {[%emt 0:00:09]} O-O {[%emt 0:00:17]} 6. Bg5 {[%emt 0:00:23]} a6 {[%emt 0:00:58]} 7. Qd2 {[%emt 0:03:47]} c6 {[%emt 0:00:17]} 8. h4 {[%emt 0:04:35]} b5 {[%emt 0:02:14]} 9. O-O-O {[%emt 0:11:48]} Qc7 {[%emt 0:27:43]} 10. Kb1 {[%emt 0:14:46]} Nbd7 {[%emt 0:00:00]} 11. Rc1 {[%emt 0:02:54]} Qb8 {[%emt 0:00:00]} 12. Bh6 {[%emt 0:11:33]} e5 {[%emt 0:02:39]} 13. Bxg7 {[%emt 0:03:11]} Kxg7 {[%emt 0:00:09]} 14. h5 {[%emt 0:08:08]} exd4 {[%emt 0:31:59]} 15. Qxd4 {[%emt 0:00:24]} Ne5 {[%emt 0:01:25]} 16. c5 {[%emt 0:08:05]} dxc5 {[%emt 0:02:45]} 17. Qxc5 {[%emt 0:00:07]} Nxh5 {[%emt 0:01:00]} 18. g4 {[%emt 0:10:09]} Ng3 {[%emt 0:11:10]} 19. Rxh7+ {[%emt 0:04:26]} Kxh7 {[%emt 0:00:23]} 20. Qxf8 {[%emt 0:00:04]} Nxf1 {[%emt 0:00:11]} 21. Nh3 {[%emt 0:09:54]} Nxf3 {[%emt 0:12:34]} 22. Qxf7+ {[%emt 0:00:12]} Kh8 {[%emt 0:00:06]} 23. Rxf1 {[%emt 0:05:33]} Bxg4 {[%emt 0:01:05]} 24. Nf4 {[%emt 0:01:27]} 0-1

[Event "95th Caplin Hastings Congress"]
[Site "Hastings"]
[Date "2019.12.31"]
[Round "4.25"]
[White "Lehaci, Miruna-Daria"]
[Black "Burrows, Nick"]
[Result "1-0"]
[WhiteElo "2214"]
[BlackElo "1952"]
[Annotator "ChessBase"]
[PlyCount "61"]
[EventDate "2019.12.28"]
[EventType "swiss"]
[EventCountry "ENG"]
[SourceTitle "playchess.com"]
[Source "ChessBase"]
[SourceQuality "1"]
[TimeControl "40/6600+30:3000+30"]

1. e4 {[%emt 0:09:32]} e6 {[%emt 0:09:40]} 2. d4 {[%emt 0:00:03]} d5 {[%emt 0:00:06]} 3. Nc3 {[%emt 0:00:03]} Nf6 {[%emt 0:00:26]} 4. e5 {[%emt 0:00:03]} Nfd7 {[%emt 0:00:04]} 5. f4 {[%emt 0:00:02]} c5 {[%emt 0:00:18]} 6. Nf3 {[%emt 0:00:04]} Nc6 {[%emt 0:00:14]} 7. Be3 {[%emt 0:00:04]} Be7 {[%emt 0:01:32]} 8. Be2 {[%emt 0:00:19]} O-O {[%emt 0:00:51]} 9. O-O {[%emt 0:00:07]} b6 {[%emt 0:00:58]} 10. Qd2 {[%emt 0:01:10]} f5 {[%emt 0:00:56]} 11. exf6 {[%emt 0:01:45]} Nxf6 {[%emt 0:00:08]} 12. Kh1 {[%emt 0:06:32]} Bb7 {[%emt 0:01:17]} 13. Rad1 {[%emt 0:02:06]} Ne4 {[%emt 0:03:40]} 14. Qe1 {[%emt 0:04:43]} Nb4 {[%emt 0:16:13]} 15. Rc1 {[%emt 0:04:20]} Rc8 {[%emt 0:08:11]} 16. a3 {[%emt 0:05:46]} Nxc3 {[%emt 0:04:26]} 17. bxc3 {[%emt 0:00:08]} Nc6 {[%emt 0:05:45]} 18. a4 {[%emt 0:05:19]} Qe8 {[%emt 0:11:30]} 19. Rb1 {[%emt 0:08:12]} Na5 {[%emt 0:08:56]} 20. Bb5 {[%emt 0:03:30]} Bc6 {[%emt 0:02:36]} 21. Ne5 {[%emt 0:10:09]} Bd6 {[%emt 0:04:44]} 22. Nxc6 {[%emt 0:00:00]} Nxc6 {[%emt 0:09:06]} 23. Qd2 {[%emt 0:01:39]} Qe7 {[%emt 0:01:44]} 24. Rbe1 {[%emt 0:06:57]} Qf6 {[%emt 0:11:19]} 25. f5 {[%emt 0:06:12]} cxd4 {[%emt 0:15:56]} 26. Bg5 {[%emt 0:00:41]} dxc3 {[%emt 0:00:00]} 27. Qe3 {[%emt 0:16:17]} Qd4 {[%emt 0:00:00]} 28. Qxe6+ {[%emt 0:00:56]} Kh8 {[%emt 0:00:00]} 29. Qxd6 {[%emt 0:00:46]} Nb4 {[%emt 0:00:00]} 30. Be3 {[%emt 0:01:42]} Qe4 {[%emt 0:00:00]} 31. Bf2 {[%emt 0:04:09]} 1-0

[Event "95th Caplin Hastings Congress"]
[Site "Hastings"]
[Date "2019.12.31"]
[Round "4.27"]
[White "Anuprita, Patil"]
[Black "Gallagher, Daniel GH"]
[Result "1/2-1/2"]
[WhiteElo "2025"]
[BlackElo "2171"]
[Annotator "ChessBase"]
[PlyCount "70"]
[EventDate "2019.12.28"]
[EventType "swiss"]
[EventCountry "ENG"]
[SourceTitle "playchess.com"]
[Source "ChessBase"]
[SourceQuality "1"]
[TimeControl "40/6600+30:3000+30"]

1. Nf3 {[%emt 0:10:04]} Nf6 {[%emt 0:09:48]} 2. g3 {[%emt 0:00:24]} g6 {[%emt 0:02:38]} 3. Bg2 {[%emt 0:00:56]} Bg7 {[%emt 0:00:09]} 4. O-O {[%emt 0:00:09]} O-O {[%emt 0:00:04]} 5. d4 {[%emt 0:00:04]} d6 {[%emt 0:01:12]} 6. b3 {[%emt 0:00:13]} e5 {[%emt 0:04:30]} 7. dxe5 {[%emt 0:04:30]} dxe5 {[%emt 0:01:43]} 8. Ba3 {[%emt 0:21:59]} Re8 {[%emt 0:15:25]} 9. Nc3 {[%emt 0:00:00]} Nc6 {[%emt 0:03:45]} 10. Qxd8 {[%emt 0:00:00]} Rxd8 {[%emt 0:05:26]} 11. Rad1 Bf5 {[%emt 0:10:24]} 12. Rxd8+ {[%emt 0:01:31]} Rxd8 {[%emt 0:18:39]} 13. Rc1 Bh6 {[%emt 0:01:17]} 14. e3 Ng4 {[%emt 0:03:54]} 15. Rd1 {[%emt 0:28:06]} Rxd1+ {[%emt 0:00:33]} 16. Nxd1 {[%emt 0:00:03]} Bxc2 {[%emt 0:02:12]} 17. Nc3 Nf6 {[%emt 0:03:14]} 18. Ne1 {[%emt 0:05:12]} Bf5 {[%emt 0:06:47]} 19. Bxc6 {[%emt 0:07:22]} bxc6 {[%emt 0:00:25]} 20. Nf3 {[%emt 0:00:54]} Nd7 {[%emt 0:00:00]} 21. e4 Bh3 {[%emt 0:03:07]} 22. Be7 {[%emt 0:03:21]} Bg4 {[%emt 0:00:00]} 23. Kg2 {[%emt 0:00:57]} Bf8 {[%emt 0:00:00]} 24. Bxf8 {[%emt 0:00:52]} Bxf3+ {[%emt 0:00:16]} 25. Kxf3 {[%emt 0:00:07]} Kxf8 {[%emt 0:00:03]} 26. Ke3 {[%emt 0:03:05]} Ke7 {[%emt 0:00:36]} 27. Na4 {[%emt 0:04:58]} Kd6 {[%emt 0:01:25]} 28. Nb2 {[%emt 0:00:21]} Nb6 {[%emt 0:02:38]} 29. h3 {[%emt 0:00:50]} h6 {[%emt 0:01:47]} 30. h4 {[%emt 0:01:48]} h5 {[%emt 0:07:46]} 31. f3 f6 {[%emt 0:00:00]} 32. f4 {[%emt 0:07:30]} exf4+ {[%emt 0:00:16]} 33. gxf4 {[%emt 0:00:24]} Nd7 {[%emt 0:03:50]} 34. Nc4+ {[%emt 0:05:41]} Ke6 {[%emt 0:00:53]} 35. Na5 {[%emt 0:01:38]} c5 {[%emt 0:01:35]} 1/2-1/2

[Event "95th Caplin Hastings Congress"]
[Site "Hastings"]
[Date "2019.12.31"]
[Round "4.28"]
[White "Spanton, Tim R"]
[Black "Sucikova, Svetlana"]
[Result "1/2-1/2"]
[WhiteElo "1951"]
[BlackElo "2160"]
[Annotator "TA"]
[PlyCount "140"]
[EventDate "2019.12.28"]
[EventType "swiss"]
[EventCountry "ENG"]
[SourceTitle "playchess.com"]
[Source "ChessBase"]
[SourceQuality "1"]

{[%evp 31,140,8,8,8,8,8,17,14,29,28,43,28,18,23,38,2,3,0,14,12,38,0,0,-43,-35,-54,-54,-59,-44,-56,-59,-74,0,0,7,0,29,0,8,0,39,0,28,19,34,0,43,0,12,0,25,0,47,0,0,0,0,0,0,0,0,0,0,0,0,0,0,-19,0,0,0,0,0,0,0,0,0,0,0,0,0,0,0,0,0,0,0,0,0,0,0,0,0,0,0,0,0,0,0,0,0,0,0,0,0,0,0,0,2,2,2]} 1. e4 c6 2. d4 d5 3. Nc3 dxe4 4. Nxe4 Bf5 5. Ng3 Bg6 6. h4 h6 7. Nf3 Nd7 8. h5 Bh7 9. Bd3 Bxd3 10. Qxd3 e6 11. Bd2 Ngf6 12. O-O-O Be7 13. Ne4 Nxe4 14. Qxe4 Nf6 15. Qe2 Qd5 16. c4 Qe4 17. Qxe4 {B19: Classical Caro-Kann: 4...Bf5 main line} Nxe4 18. Be3 O-O (18... f5 19. Kc2 Rd8 20. Nd2 Nf6 21. Nf3 Ne4 22. Nd2 Nf6 23. Nf3 Ne4 {½-½ (23) Mista,A (2606)-Tomczak,J (2615) Poland 2017}) 19. Ne5 Rfd8 20. g4 Rac8 21. Kb1 Bd6 $146 ({Predecessor:} 21... Bf6 22. f3 Nd6 23. b3 b5 24. c5 Ne8 {1-0 (43) Videki,S (2429)-Krutti,V (2352) Hungary 2013}) 22. f3 Ng5 23. Bxg5 (23. f4 $5 {[%cal Rf4g5]} Ne4 24. g5 $11) 23... hxg5 24. Rhe1 Rc7 25. Kc2 f6 26. Nd3 (26. c5 {seems wilder.} Be7 27. Nc4 Rcd7 28. Na5 Rxd4 29. Rxd4 Rxd4 30. Rxe6 Kf7 31. Re3) 26... Kf7 27. c5 Bg3 28. Re4 Rcd7 29. Kc3 Rd5 30. Rd2 Bc7 31. b4 f5 (31... a5 $17 32. a3 b5) 32. Ne5+ $11 Kf6 33. Ree2 Bb8 34. Kc4 Bc7 35. Kc3 Bb8 36. Kc4 a6 37. Kc3 Bc7 38. Kc4 Ra8 {[%cal Rc7e5]} 39. a4 Rad8 40. a5 Bb8 41. Kc3 (41. Ng6 {feels hotter.} Kf7 42. gxf5 Rxf5 43. Rd3 Bf4 44. Re4) 41... Bc7 {[%cal Rc7e5]} 42. Kc4 Bxe5 {The position is equal.} 43. Rxe5 {[%mdl 4096] Endgame KRR-KRR} Kf7 44. Kc3 Ke7 45. Rde2 Rxe5 46. Rxe5 {KR-KR} Rf8 47. Kd3 fxg4 48. fxg4 Rf3+ 49. Re3 Rf1 50. Rh3 Rb1 {[#] White must now prevent ...Rb3+.} 51. Kc4 Rc1+ 52. Kd3 Ra1 53. Kc4 Rg1 54. h6 gxh6 55. Rxh6 Kd7 56. Rh7+ Kc8 57. Rh8+ Kc7 58. Rh7+ Kb8 59. Rh8+ Ka7 60. Re8 Rxg4 61. Rxe6 Rg1 62. Re8 g4 {[#] ...g3 is the strong threat.} 63. Rg8 g3 {Strongly threatening ...g2.} 64. Kb3 Rb1+ 65. Kc3 Rc1+ 66. Kb3 Rg1 67. Kc3 Rc1+ 68. Kb3 Rg1 69. Kc3 g2 {Hoping for ...Rc1+.} 70. Kb2 $1 Rd1 $1 {Accuracy: White = 54%, Black = 62%.} 1/2-1/2

[Event "95th Caplin Hastings Congress"]
[Site "Hastings"]
[Date "2019.12.31"]
[Round "4.29"]
[White "Salmons, Calum"]
[Black "Fishbein, Mitch"]
[Result "1/2-1/2"]
[WhiteElo "1796"]
[BlackElo "2151"]
[Annotator "ChessBase"]
[PlyCount "39"]
[EventDate "2019.12.28"]
[EventType "swiss"]
[EventCountry "ENG"]
[SourceTitle "playchess.com"]
[Source "ChessBase"]
[SourceQuality "1"]
[TimeControl "40/6600+30:3000+30"]

1. e4 {[%emt 0:09:32]} e5 {[%emt 0:09:46]} 2. Nf3 {[%emt 0:00:11]} Nc6 {[%emt 0:00:08]} 3. d4 {[%emt 0:00:42]} exd4 {[%emt 0:00:08]} 4. Bc4 {[%emt 0:00:04]} Nf6 {[%emt 0:00:14]} 5. O-O {[%emt 0:00:10]} Nxe4 {[%emt 0:00:36]} 6. Re1 {[%emt 0:00:12]} d5 {[%emt 0:00:06]} 7. Bxd5 {[%emt 0:00:05]} Qxd5 {[%emt 0:00:05]} 8. Nc3 {[%emt 0:00:07]} Qd7 {[%emt 0:00:13]} 9. Nxe4 {[%emt 0:03:59]} Be7 {[%emt 0:03:34]} 10. Bg5 {[%emt 0:01:15]} O-O {[%emt 0:00:22]} 11. Bxe7 {[%emt 0:01:42]} Qxe7 {[%emt 0:00:06]} 12. Nxd4 {[%emt 0:01:54]} Bd7 {[%emt 0:00:16]} 13. Nb3 {[%emt 0:21:08]} Be6 {[%emt 0:30:04]} 14. Nec5 {[%emt 0:11:02]} Nd8 {[%emt 0:14:16]} 15. Qf3 {[%emt 0:12:46]} c6 {[%emt 0:20:18]} 16. Nxe6 {[%emt 0:05:09]} Nxe6 {[%emt 0:01:02]} 17. Nd4 {[%emt 0:02:39]} Rad8 {[%emt 0:04:25]} 18. Nxe6 {[%emt 0:04:07]} fxe6 {[%emt 0:00:07]} 19. Qe3 {[%emt 0:01:15]} Qf6 {[%emt 0:07:00]} 20. c3 {[%emt 0:05:20]} 1/2-1/2

[Event "95th Caplin Hastings Congress"]
[Site "Hastings"]
[Date "2019.12.31"]
[Round "4.30"]
[White "Thatte, Nishchal"]
[Black "Brouwer, Dennis"]
[Result "0-1"]
[WhiteElo "1723"]
[BlackElo "2202"]
[Annotator "ChessBase"]
[PlyCount "56"]
[EventDate "2019.12.28"]
[EventType "swiss"]
[EventCountry "ENG"]
[SourceTitle "playchess.com"]
[Source "ChessBase"]
[SourceQuality "1"]
[TimeControl "40/6600+30:3000+30"]

1. e4 {[%emt 0:09:34]} e5 {[%emt 0:09:57]} 2. Nf3 {[%emt 0:00:05]} Nc6 {[%emt 0:00:25]} 3. d4 {[%emt 0:00:05]} exd4 {[%emt 0:00:17]} 4. Nxd4 {[%emt 0:00:06]} Nf6 {[%emt 0:00:21]} 5. Nxc6 {[%emt 0:00:08]} bxc6 {[%emt 0:00:16]} 6. e5 {[%emt 0:00:06]} Qe7 {[%emt 0:00:22]} 7. Qe2 {[%emt 0:00:07]} Nd5 {[%emt 0:00:18]} 8. c4 {[%emt 0:00:06]} Nb6 {[%emt 0:00:31]} 9. Nc3 {[%emt 0:00:18]} Bb7 {[%emt 0:05:10]} 10. b3 {[%emt 0:17:25]} g6 {[%emt 0:06:01]} 11. Ne4 {[%emt 0:01:35]} O-O-O {[%emt 0:03:22]} 12. Bg5 {[%emt 0:20:38]} Qxe5 {[%emt 0:04:05]} 13. Bf6 {[%emt 0:01:12]} Qa5+ {[%emt 0:01:14]} 14. Kd1 {[%emt 0:00:12]} Bh6 {[%emt 0:01:40]} 15. Bc3 {[%emt 0:06:23]} Qa3 {[%emt 0:05:48]} 16. Bb2 {[%emt 0:09:16]} Qf8 {[%emt 0:02:42]} 17. Bxh8 {[%emt 0:01:02]} Qxh8 {[%emt 0:03:04]} 18. Rb1 {[%emt 0:00:18]} d5 {[%emt 0:04:44]} 19. Ng5 {[%emt 0:07:00]} Qd4+ {[%emt 0:13:13]} 20. Kc2 {[%emt 0:00:15]} Bxg5 {[%emt 0:01:02]} 21. h4 {[%emt 0:02:45]} Bf6 {[%emt 0:02:10]} 22. Qd2 {[%emt 0:01:25]} Qxd2+ {[%emt 0:01:00]} 23. Kxd2 {[%emt 0:00:05]} dxc4+ {[%emt 0:00:19]} 24. Kc2 {[%emt 0:00:26]} c5 {[%emt 0:02:24]} 25. f3 {[%emt 0:00:16]} c3 {[%emt 0:13:49]} 26. Rd1 {[%emt 0:00:16]} Nd5 {[%emt 0:00:32]} 27. Re1 {[%emt 0:01:03]} Nb4+ {[%emt 0:02:56]} 28. Kb1 {[%emt 0:00:14]} Rd2 {[%emt 0:00:21]} 0-1

[Event "95th Caplin Hastings Congress"]
[Site "Hastings"]
[Date "2019.12.31"]
[Round "4.31"]
[White "Hutchinson, Paul A"]
[Black "Stoyanov, Viktor"]
[Result "0-1"]
[WhiteElo "2112"]
[BlackElo "2272"]
[Annotator "TA"]
[PlyCount "108"]
[EventDate "2019.12.28"]
[EventType "swiss"]
[EventCountry "ENG"]
[SourceTitle "playchess.com"]
[Source "ChessBase"]
[SourceQuality "1"]

{[%evp 13,146,-12,0,-14,-21,-23,-16,-25,9,-22,-27,-27,-21,-47,-44,-85,-52,-64,-64,-60,-56,-60,-55,-68,-42,-59,-53,-79,-58,-80,-77,-117,-108,-146,-122,-162,-108,-123,-126,-159,-149,-168,-161,-204,-187,-209,-177,-202,-148,-202,-148,-219,-204,-258,-246,-253,-243,-254,-244,-234,-227,-331,-335,-377,-370,-282,-134,-143,-116,-72,-81,-185,-189,-187,-191,-370,-370,-453,-174,-451,-421,-495,-487,-959,-926,-866,-855,-965,-715,-637,-741,-683,-722,-711,-679,-1887,-1631,-2881,-2975,-2595,-2568,-1907,-1236,-9203,-2475,-1733,-1658,-12841,-12836,-12837,-12837,-12839,-12837,-12838,-12839,-12840,-12839,-12840,-12840,-12841,-12841,-12842,-12842,-12843,-12843,-12843,-12843,-12845,-12844,-12844,-12844,-12845,-12845,-12845,-12845]} 1. d4 Nf6 2. Nf3 d5 3. Bf4 c5 4. e3 Nc6 5. c3 Qb6 6. Qb3 c4 7. Qxb6 axb6 8. Be2 {D02: 1 d4 d5 2 Nf3 sidelines, including 2...Nf6 3 g3 and 2...Nf6 3 Bf4} Bf5 9. Nbd2 h6 10. O-O {The position is equal.} e6 11. a3 b5 12. h3 (12. Ne5 Nxe5 13. dxe5 Nd7 14. Nf3 Bg4 15. Nd4 Bxe2 16. Nxe2 Nc5 17. Nd4 Ra5 18. Bg3 Be7 19. f3 O-O 20. Rad1 {½-½ (52) Eljanov,P (2717)-Bluebaum,M (2588) Berlin 2015}) 12... Nd7 13. Rfd1 $146 ({Predecessor:} 13. Bh2 Nb6 14. Ne1 b4 15. cxb4 Bxb4 {½-½ (43) Reuss,A (2356)-Senff,M (2430) Germany 2005}) 13... Nb6 14. Nf1 Na5 15. Bc7 Na4 16. Bxa5 Rxa5 17. Rd2 Bd6 18. Bd1 Nb6 19. Rc1 Ke7 20. Ne1 g5 21. Ng3 Bg6 22. Nc2 h5 23. Nb4 Raa8 24. Bc2 Rag8 (24... Bxc2 $19 25. Rdxc2 Bxg3 26. fxg3 Nd7) 25. Re1 f5 26. Nf1 Nd7 $1 27. Nh2 h4 28. Kh1 Bh5 29. Bd1 Nf6 30. f3 Bg3 31. Rg1 (31. Rf1 $17 {is a better defense.}) 31... Bf7 32. Nf1 (32. Rf1 $17) 32... Bd6 33. Nc2 Rg7 34. Ne1 Be8 35. Rf2 Bd7 36. Nc2 g4 37. Ne1 (37. Nd2 $142) 37... Rhg8 $19 38. fxg4 Ne4 {[%cal Re4f2]} 39. Rc2 {[#]} Bg3 (39... b4 $1 $19 {[%mdl 512] has better winning chances.} 40. Bf3 (40. axb4 Ba4) 40... b3) 40. Nxg3 $17 hxg3 ({Don't play} 40... Nxg3+ $6 41. Kh2 $11) 41. Rf1 {[#]} b4 $1 {[%mdl 512] And now ...bxa3 would win.} 42. axb4 (42. gxf5 $17 bxa3 43. bxa3) 42... Ba4 $19 43. gxf5 exf5 44. Kg1 $2 (44. Nf3 {was necessary.}) 44... Bxc2 45. Bxc2 Ke6 $2 (45... Nd2 {...Ra8 is the strong threat.} 46. Nf3 (46. Rxf5 $2 Ra8 $19) 46... Nxf1 47. Kxf1 Ra8) 46. Bb1 $2 (46. Nf3 {was the only defense.}) 46... Nd2 $1 {[%csl LRb1,LRf1] Black is clearly winning.} 47. Bxf5+ Ke7 48. Rf4 {[#]} (48. e4 $142 dxe4 49. Bxe4 Nxe4 50. Nc2) 48... Ra8 $1 {[%cal Ra8a1]} 49. Nc2 Ra2 50. e4 dxe4 51. Bxe4 Rf7 52. Rxf7+ Kxf7 {[%mdl 4096] Endgame KRN-KBN} 53. Bh7 Rxb2 {( -> ...Rb1+)} 54. Ne3 Ra2 {Played: Rb2-b3} 0-1

[Event "95th Caplin Hastings Congress"]
[Site "Hastings"]
[Date "2019.12.31"]
[Round "4.32"]
[White "Snape, Ian L"]
[Black "Persson, Andreas"]
[Result "0-1"]
[WhiteElo "2196"]
[BlackElo "2112"]
[Annotator "ChessBase"]
[PlyCount "76"]
[EventDate "2019.12.28"]
[EventType "swiss"]
[EventCountry "ENG"]
[SourceTitle "playchess.com"]
[Source "ChessBase"]
[SourceQuality "1"]
[TimeControl "40/6600+30:3000+30"]

1. c4 {[%emt 0:09:33]} Nf6 {[%emt 0:10:06]} 2. Nc3 {[%emt 0:00:05]} e6 {[%emt 0:00:43]} 3. e4 {[%emt 0:00:07]} d5 {[%emt 0:01:04]} 4. e5 {[%emt 0:00:05]} d4 {[%emt 0:00:32]} 5. exf6 {[%emt 0:00:06]} dxc3 {[%emt 0:00:10]} 6. bxc3 {[%emt 0:00:06]} Qxf6 {[%emt 0:00:17]} 7. d4 {[%emt 0:00:05]} b6 {[%emt 0:01:10]} 8. Nf3 {[%emt 0:01:06]} Bb7 {[%emt 0:00:05]} 9. Bg5 {[%emt 0:05:29]} Qf5 {[%emt 0:06:49]} 10. Bd3 {[%emt 0:12:58]} Qa5 {[%emt 0:00:09]} 11. O-O {[%emt 0:00:50]} h6 {[%emt 0:12:29]} 12. Bh4 {[%emt 0:04:46]} Bd6 {[%emt 0:06:47]} 13. d5 {[%emt 0:13:10]} O-O {[%emt 0:06:09]} 14. Nd4 {[%emt 0:03:09]} Nd7 {[%emt 0:05:15]} 15. Rb1 {[%emt 0:13:52]} Ne5 {[%emt 0:14:08]} 16. Rb5 {[%emt 0:01:07]} Qxa2 {[%emt 0:05:45]} 17. Bb1 {[%emt 0:03:30]} Qxc4 {[%emt 0:01:37]} 18. Qc2 {[%emt 0:01:20]} f5 {[%emt 0:05:26]} 19. Rd1 {[%emt 0:07:02]} Bxd5 {[%emt 0:02:40]} 20. Rxd5 {[%emt 0:01:37]} Qxd5 {[%emt 0:03:16]} 21. Bg3 {[%emt 0:21:10]} Rae8 {[%emt 0:05:14]} 22. f4 {[%emt 0:04:29]} Nc4 {[%emt 0:04:07]} 23. Ba2 {[%emt 0:04:29]} b5 {[%emt 0:01:53]} 24. Qe2 {[%emt 0:02:31]} Qe4 {[%emt 0:04:17]} 25. Qxe4 {[%emt 0:04:45]} fxe4 {[%emt 0:00:07]} 26. Nxb5 {[%emt 0:00:06]} Bc5+ {[%emt 0:01:13]} 27. Nd4 {[%emt 0:00:06]} Nd6 {[%emt 0:01:58]} 28. Kh1 {[%emt 0:01:47]} Bxd4 {[%emt 0:00:51]} 29. Rxd4 {[%emt 0:00:48]} Rf5 {[%emt 0:01:35]} 30. Ra4 {[%emt 0:00:49]} Rc5 {[%emt 0:02:06]} 31. Rxa7 {[%emt 0:00:57]} Rxc3 {[%emt 0:00:18]} 32. Kg1 {[%emt 0:00:04]} e3 {[%emt 0:02:04]} 33. Kf1 {[%emt 0:01:38]} Nf5 {[%emt 0:01:29]} 34. Ra4 {[%emt 0:00:29]} c5 {[%emt 0:01:54]} 35. Be1 {[%emt 0:01:20]} Rc2 {[%emt 0:01:35]} 36. g4 {[%emt 0:00:49]} Nd4 {[%emt 0:00:41]} 37. f5 {[%emt 0:00:20]} Rxh2 {[%emt 0:01:04]} 38. Bc3 {[%emt 0:00:51]} e2+ {[%emt 0:00:41]} 0-1

[Event "95th Caplin Hastings Congress"]
[Site "Hastings"]
[Date "2019.12.31"]
[Round "4.33"]
[White "Bin-Suhayl, Ieysaa"]
[Black "Norinkeviciute, Rasa"]
[Result "1-0"]
[WhiteElo "2187"]
[BlackElo "2018"]
[Annotator "ChessBase"]
[PlyCount "57"]
[EventDate "2019.12.28"]
[EventType "swiss"]
[EventCountry "ENG"]
[SourceTitle "playchess.com"]
[Source "ChessBase"]
[SourceQuality "1"]
[TimeControl "40/6600+30:3000+30"]

1. Nf3 {[%emt 0:09:41]} g6 {[%emt 0:00:33]} 2. c4 {[%emt 0:00:05]} Bg7 {[%emt 0:09:29]} 3. d4 {[%emt 0:00:06]} Nf6 {[%emt 0:00:06]} 4. g3 {[%emt 0:00:02]} O-O {[%emt 0:00:57]} 5. Bg2 {[%emt 0:00:02]} d6 {[%emt 0:00:05]} 6. O-O {[%emt 0:00:04]} Nbd7 {[%emt 0:00:18]} 7. Nc3 {[%emt 0:00:06]} Re8 {[%emt 0:00:05]} 8. e4 {[%emt 0:01:32]} e5 {[%emt 0:00:57]} 9. d5 {[%emt 0:00:00]} Nc5 {[%emt 0:05:24]} 10. Ne1 {[%emt 0:05:24]} a5 {[%emt 0:01:28]} 11. b3 {[%emt 0:26:01]} c6 {[%emt 0:07:25]} 12. Ba3 {[%emt 0:11:53]} Qb6 {[%emt 0:13:07]} 13. dxc6 {[%emt 0:12:54]} Qxc6 {[%emt 0:00:48]} 14. Nc2 {[%emt 0:07:03]} Bf8 {[%emt 0:05:48]} 15. Ne3 {[%emt 0:02:40]} Be6 {[%emt 0:09:12]} 16. Qc2 {[%emt 0:12:41]} Red8 {[%emt 0:07:08]} 17. f4 {[%emt 0:05:53]} Ne8 {[%emt 0:28:49]} 18. f5 {[%emt 0:03:51]} Bc8 {[%emt 0:01:54]} 19. Ncd5 {[%emt 0:00:53]} b5 {[%emt 0:02:25]} 20. fxg6 {[%emt 0:07:07]} hxg6 {[%emt 0:00:49]} 21. Rxf7 {[%emt 0:06:23]} Be6 {[%emt 0:12:32]} 22. Rf2 {[%emt 0:01:17]} Ra7 {[%emt 0:02:09]} 23. Raf1 {[%emt 0:00:13]} Bg7 {[%emt 0:01:12]} 24. cxb5 {[%emt 0:01:57]} Qxb5 {[%emt 0:00:20]} 25. Nc4 {[%emt 0:01:07]} Na6 {[%emt 0:04:13]} 26. Qd2 {[%emt 0:00:27]} Qd7 {[%emt 0:05:14]} 27. Qg5 {[%emt 0:00:58]} Rb8 {[%emt 0:00:21]} 28. Qxg6 {[%emt 0:00:42]} Nb4 {[%emt 0:00:28]} 29. Rf8# {[%emt 0:00:09]} 1-0